[Event "ch-NED w"]
[Site "Hilversum NED"]
[Date "2007.06.28"]
[Round "9"]
[White "Peng Zhaoqin"]
[Black "Hamelink,D"]
[Result "1/2-1/2"]
[WhiteElo "2439"]
[BlackElo "2220"]

1.Nf3 d5 2.c4 c6 3.b3 Nf6 4.Bb2 a6 5.g3 g6 6.Bg2 Bg7 7.O-O O-O 8.d3 Re8 9.Qc2 Nbd7
10.Nbd2 e5 11.Rfd1 d4 12.b4 c5 13.Ba3 Rb8 14.Rab1 Qc7 15.Ng5 b6 16.bxc5 Nxc5
17.Nde4 Nfxe4 18.Nxe4 Nxe4 19.Bxe4 Bd7 20.Qd2 Bc6 21.f3 f5 22.Bxc6 Qxc6 23.Rf1 Bf8
24.Bxf8 Rxf8 25.Rb3 Rbd8 26.Rfb1 Rd6 27.Rxb6 Qxb6 28.Rxb6 Rxb6 29.Qa5 Re6
30.Qd5 Rf6 31.h4 Kg7 32.c5 Kh6 33.Kf2 g5 34.hxg5+ Kxg5 35.Qd8 h5 36.Qh8 f4
37.Qg7+ Rg6 38.gxf4+ Kxf4 39.Qb7 Rc6 40.Qf7+ Kg5 41.Qe7+ Kf5 42.Qh4 Rcf6
43.Qxh5+ Ke6 44.Qh4 Rg7 45.Qh8 Rc7 46.Qg8+ Rff7 47.Qb8 Kd5 48.Qa8+ Rc6 49.Qg8 Rc7
50.Qg6 Kxc5 51.Qxa6 Ra7 52.Qc4+ Kd6 53.a4 Rfc7 54.Qb5 Rab7 55.Qa6+ Kd5 56.a5 Rh7
57.Qa8 Kc5 58.Qe8 Rhe7 59.Qa4 Ra7 60.Qc4+ Kd6 61.a6 Rac7 62.Qb5 Rf7 63.Qb6+ Kd5
64.Ke1 Rc1+ 65.Kf2 Rcc7 66.Qb8 Rfe7 67.Qb3+ Kd6 68.Qb6+ Kd5 69.e4+ dxe3+
70.Kxe3 Rf7 71.Qb3+ Kd6 72.Qa3+ Kd5 73.Qa5+ Kd6 74.Qb5 Ke6 75.Qb8 Kd5 76.Qe8 Rfe7
77.Qb5+ Ke6 78.Ke4 Kf6 79.Qb6+ Kf7 80.Kf5 Ra7 81.Qg6+ Kf8 82.Qd6 Kf7 83.Qb6 Rac7
84.f4 exf4 85.Kxf4 Rcd7 86.d4 Kg7 87.Kg5 Rd5+ 88.Kf4 Rdd7 89.Qc6 Rxd4+  1/2-1/2

[Event "Kotov Mem"]
[Site "Tula RUS"]
[Date "2007.06.30"]
[Round "1"]
[White "Castaneda,Geo"]
[Black "Leonov,M1"]
[Result "1-0"]
[WhiteElo "2457"]
[BlackElo "2441"]

1.Nf3 d5 2.c4 e6 3.g3 Nf6 4.Bg2 Be7 5.O-O O-O 6.d4 Nbd7 7.Qc2 c6 8.b3 b6
9.Rd1 Ba6 10.Nbd2 Rc8 11.e4 h6 12.Bb2 Qc7 13.Rac1 Qb8 14.Qb1 b5 15.e5 Ne8
16.c5 b4 17.Nf1 Nc7 18.Ne3 Qb5 19.Qc2 Rfd8 20.Qd2 Nf8 21.Rc2 Rb8 22.h4 Qb7
23.Bc1 Nh7 24.Ng4 Bf8 25.Ne1 Qb5 26.Bf3 Bc8 27.Nd3 a5 28.Nf4 a4 29.Qe3 Ra8
30.Bd2 axb3 31.axb3 Ra3 32.Rb2 Ba6 33.Nh5 Ra8 34.Re1 Qa5 35.Bd1 Nb5 36.Bc2 Nc3
37.Nxg7 Bxg7 38.Nxh6+  1-0

[Event "White Nights"]
[Site "St Petersburg RUS"]
[Date "2007.07.01"]
[Round "7"]
[White "Orlov,O2"]
[Black "Kurilov,Vi"]
[Result "1-0"]
[WhiteElo "2220"]
[BlackElo "2324"]

1.Nf3 d5 2.c4 c6 3.g3 Nf6 4.Bg2 dxc4 5.O-O Nbd7 6.Na3 Nb6 7.Qc2 Qd5 8.Ne1 Qh5
9.e4 e5 10.Nxc4 Nxc4 11.Qxc4 Be6 12.Qc3 Be7 13.f4 exf4 14.gxf4 O-O-O 15.f5 Bd7
16.d4 Qe2 17.Bf3 Qb5 18.Nd3 g6 19.a4 Qa6 20.e5 Bxf5 21.exf6 Bxf6 22.Ne5 Bxe5
23.dxe5 Rd3 24.Qb4 Rhd8 25.Bg5 R3d4 26.Qc5 R8d7 27.b4 Qb6 28.Qxb6 axb6 29.b5 c5
30.a5 bxa5 31.Rxa5 Kc7 32.Ra7 Kb6 33.Rfa1 Bg4 34.Bd8+ Kxb5 35.R7a5+ Kc4 36.Rc1+ Kb3
37.Rb5+ Rb4 38.Bxg4 Rxd8 39.Rcxc5 Rd4 40.Bf3 b6 41.Rxb4+ Kxb4 42.Rc7 Rf4
43.Kf2 Rf5 44.Re7 Kc5 45.Ke3 h5 46.Rc7+ Kb4 47.Ke4 f6 48.Re7 fxe5 49.Rxe5 Rf6
50.h4 b5 51.Be2 Rb6 52.Kd4 Rd6+ 53.Rd5 Rb6 54.Bd3 Ka4 55.Kc5 Rb8 56.Rd4+ b4
57.Rd6 Rc8+ 58.Kd4 Rf8 59.Ke5 b3 60.Bxg6 b2 61.Rf6 Rg8 62.Rf4+ Ka3 63.Rf3+ Kb4
64.Bc2 Rg4 65.Rh3 Kc4 66.Bb1 Kb4 67.Ba2 Ka4 68.Bb3+ Kb4 69.Bc2 Kc4 70.Kf5 Kb4
71.Kf6 Kc4 72.Bb1 Kb4 73.Bc2 Kc4 74.Rh1 Kc3 75.Bf5 Rg3 76.Bg6 Kd2 77.Rb1 Rg4
78.Rxb2+ Ke3 79.Rh2 Kf4 80.Bxh5 Rg1 81.Rh3 Ra1 82.Rf3+ Ke4 83.Bg4 Ra6+ 84.Kg5 Ra5+
85.Rf5 Ra7 86.Rf6 Ra5+ 87.Bf5+ Ke5 88.h5 Ra1 89.Re6+ Kd5 90.Re2 Rg1+ 91.Bg4 Kd6
92.h6  1-0

[Event "XXV Andorra Open"]
[Site "Andorra la Vella AND"]
[Date "2007.07.02"]
[Round "3"]
[White "Damljanovic,B"]
[Black "Perez Candelario,Man"]
[Result "1-0"]
[WhiteElo "2585"]
[BlackElo "2511"]

1.Nf3 d5 2.c4 e6 3.d4 Nf6 4.g3 dxc4 5.Bg2 c6 6.Ne5 b5 7.a4 Nd5 8.Nc3 f6 9.Nf3 b4
10.Ne4 Be7 11.O-O O-O 12.Ned2 c3 13.Nb3 a5 14.Qc2 Qe8 15.e4 cxb2 16.Bxb2 Nb6
17.Rfd1 Kh8 18.Ne1 Qf7 19.Nd3 Ra7 20.Nf4 Re8 21.h4 Bf8 22.Nd3 N8d7 23.e5 fxe5
24.Nbc5 Ba6 25.Nxa6 Rxa6 26.Qxc6 Raa8 27.Qb5 Rab8 28.dxe5 Rec8 29.Bd4 Nc4
30.Qa6 b3 31.Rab1 Na3 32.Rxb3 Qh5 33.Rd2 Bb4 34.Nxb4 Qf5 35.Re2 Rc1+ 36.Kh2 Nc2
37.Be4 Nxd4 38.Bxf5 exf5 39.Rd3 Nxe2 40.Rxd7  1-0

[Event "White Nights"]
[Site "St Petersburg RUS"]
[Date "2007.07.02"]
[Round "8"]
[White "Smirnov,LG"]
[Black "Kudriavtsev,Y"]
[Result "1/2-1/2"]
[WhiteElo "2011"]
[BlackElo "1937"]

1.Nf3 d5 2.c4 e6 3.e3 c6 4.b3 Nf6 5.Bb2 Be7 6.Be2 Nbd7 7.O-O O-O 8.Qc2 b6
9.d3 Bb7 10.Nbd2 Rc8 11.h3 c5 12.Rfe1 Re8 13.g4 Qc7 14.d4 cxd4 15.Nxd4 dxc4
16.bxc4 Nc5 17.Bf3 Bxf3 18.N4xf3 Qb7 19.e4 Red8 20.e5 Ne8 21.Re3 Rd7 22.Ne4 Nxe4
23.Rxe4 Rcd8 24.Rae1 Nc7 25.g5 Na6 26.h4 Nc5 27.R4e3 Nd3 28.Rd1 Nb4 29.Rxd7 Qxd7
30.Qb3 Bc5 31.Re2 Qd1+ 32.Qxd1 Rxd1+ 33.Kg2 Nxa2 34.Rd2 Rxd2 35.Nxd2 Nb4
36.Ne4 Nd3 37.Bc3 a5 38.Kf3 a4 39.Ke2 Nc1+ 40.Kd2 Nb3+ 41.Kc2 Nd4+ 42.Kb2 Nf5
43.Nxc5 bxc5 44.h5 h6 45.gxh6 gxh6 46.Ka3 Ng7 47.Bd2 Kh7 48.Be3 Nxh5 49.Kxa4 Ng7
50.Kb5 Nf5  1/2-1/2

[Event "Copa Puma Mercosur"]
[Site "Villa Martelli ARG"]
[Date "2007.07.02"]
[Round "11"]
[White "Panno,O"]
[Black "Pacheco,M"]
[Result "1/2-1/2"]
[WhiteElo "2457"]
[BlackElo "2405"]

1.Nf3 d5 2.c4 c6 3.e3 Nf6 4.Nc3 g6 5.d4 Bg7 6.Bd3 O-O 7.O-O Bg4 8.h3 Bxf3
9.Qxf3 e6 10.Rd1 Nbd7 11.Bf1 Re8 12.Qe2 Qe7  1/2-1/2

[Event "Kotov Mem"]
[Site "Tula RUS"]
[Date "2007.07.05"]
[Round "9"]
[White "Castaneda,Geo"]
[Black "Novikov,Ma"]
[Result "1/2-1/2"]
[WhiteElo "2457"]
[BlackElo "2519"]

1.Nf3 d5 2.c4 e6 3.e3 Nf6 4.b3 c6 5.Bb2 Nbd7 6.Be2 Bd6 7.O-O O-O 8.Nc3 Qe7
9.Qc2 dxc4 10.Bxc4 b5 11.Be2 Bb7 12.d4 b4 13.Ne4 Nxe4 14.Qxe4 Rac8 15.Rac1 Nf6
16.Qh4 c5 17.dxc5 Bxc5 18.Qg3 h6 19.Rfd1 Rfd8 20.Rxd8+ Qxd8 21.Rd1 Qe7 22.Bb5 Bd5
23.Be5 a5 24.Rc1 Nh5 25.Qh3 Nf6 26.Qg3 Nh5 27.Qh3 Nf6  1/2-1/2

[Event "Open A"]
[Site "Klatovy CZE"]
[Date "2007.07.06"]
[Round "7"]
[White "Krejci,S"]
[Black "Novotny,Ja2"]
[Result "1-0"]
[WhiteElo "1885"]
[BlackElo "2055"]

1.Nf3 d5 2.c4 c6 3.b3 Bf5 4.g3 e6 5.Bb2 Nf6 6.Bg2 Bd6 7.O-O O-O 8.d3 Qe7
9.Nbd2 Nbd7 10.Re1 Bg4 11.Rc1 Rfd8 12.Rc2 Bb4 13.Qa1 dxc4 14.bxc4 Bxf3 15.Bxf3 Nc5
16.Rb1 Nxd3 17.Bxf6 gxf6 18.exd3 Rxd3 19.Qb2 Rad8 20.Qxb4 Qxb4 21.Rxb4 Rxd2
22.Rxd2 Rxd2 23.Rxb7  1-0

[Event "Open A"]
[Site "Kowalewo Pomorskie POL "]
[Date "2007.07.06"]
[Round "4"]
[White "Klugiewicz,J"]
[Black "Hiszczynski,J"]
[Result "1-0"]
[WhiteElo "2033"]
[BlackElo "2010"]

1.Nf3 d5 2.c4 e6 3.g3 Nf6 4.b3 c5 5.e3 Nc6 6.Bb2 Be7 7.cxd5 Qxd5 8.Nc3 Qh5
9.Bg2 O-O 10.O-O e5 11.Ne1 Bg4 12.f3 Bh3 13.Qe2 Rad8 14.d3 Rd7 15.Rd1 Rfd8
16.Rf2 Bxg2 17.Kxg2 Qg6 18.Bc1 h5 19.Kh1 b6 20.e4 Nd4 21.Qf1 Nc6 22.Ng2 Ne8
23.Nd5 Nd6 24.Nge3 f6 25.f4 Bf8 26.f5 Qf7 27.Rg2 Ne8 28.g4 h4 29.Qf2 Nb4
30.Qxh4 Nxd5 31.Nxd5 Nd6 32.Rg3 Nxe4 33.dxe4 Rxd5 34.exd5 Rxd5 35.Rf1 Qb7
36.Rg2  1-0

[Event "South Wales Masters"]
[Site "Caerleon WLS"]
[Date "2007.07.07"]
[Round "1"]
[White "Daroza,E"]
[Black "Thomas,Ja"]
[Result "1-0"]
[WhiteElo "2102"]
[BlackElo "1932"]

1.Nf3 d5 2.c4 e6 3.g3 c5 4.Bg2 Nc6 5.cxd5 exd5 6.d4 Nf6 7.Nc3 Be7 8.O-O Be6
9.Bg5 cxd4 10.Nxd4 O-O 11.Rc1 Rc8 12.Nxe6 fxe6 13.Bh3 Qd7 14.e4 d4 15.Qb3 Nd8
16.Rfd1 h6 17.Be3 Bc5 18.e5 Nh7 19.Ne4 Qf7 20.Rxc5 Rxc5 21.Nxc5 dxe3 22.Qxe3 Ng5
23.Bg2 Nc6 24.f4 Nh7 25.Rd7 Qf5 26.Be4 Qh3 27.Rxb7 Nxe5 28.Bxh7+ Kxh7 29.Qxe5 Qg4
30.Qxg7+  1-0

[Event "Kotov Mem"]
[Site "Tula RUS"]
[Date "2007.07.07"]
[Round "11"]
[White "Castaneda,Geo"]
[Black "Yagupov,I"]
[Result "1/2-1/2"]
[WhiteElo "2457"]
[BlackElo "2494"]

1.Nf3 d5 2.c4 c6 3.d4 Nf6 4.Nc3 e6 5.Bg5 h6 6.Bxf6 Qxf6 7.e3 Nd7 8.Qc2 g6
9.Be2 dxc4 10.Bxc4 Bg7 11.O-O O-O 12.Bb3 Qe7 13.Ne4 e5 14.Ng3 Kh8 15.Rad1 Re8
16.dxe5 Nxe5 17.Nxe5 Bxe5 18.f4 Bg7 19.e4 Bg4  1/2-1/2

[Event "ch-IRL"]
[Site "Dublin IRL"]
[Date "2007.07.08"]
[Round "9"]
[White "Conquest,S"]
[Black "Glienke,M"]
[Result "1-0"]
[WhiteElo "2546"]
[BlackElo "2312"]

1.Nf3 d5 2.c4 e6 3.g3 Nf6 4.Bg2 c5 5.cxd5 Nxd5 6.O-O Nc6 7.Nc3 Be7 8.d4 cxd4
9.Nxd5 exd5 10.Nxd4 O-O 11.Be3 Nxd4 12.Bxd4 Be6 13.Qb3 Bf6 14.Rfd1 Bxd4 15.Rxd4 Qf6
16.Rad1 Rad8 17.Bxd5 Rd6 18.Qxb7 Rb6 19.Qxa7 Bxd5 20.Rxd5 Qxb2 21.Rd8 g6
22.Qe7 Rxd8 23.Rxd8+ Kg7 24.h4 Qc1+ 25.Kg2 Rb1 26.Qf8+ Kf6 27.Rd6+  1-0

[Event "Open A"]
[Site "Kowalewo Pomorskie POL "]
[Date "2007.07.09"]
[Round "7"]
[White "Klugiewicz,J"]
[Black "Opalinski,Se"]
[Result "1/2-1/2"]
[WhiteElo "2033"]
[BlackElo "1813"]

1.Nf3 d5 2.c4 e6 3.g3 Nf6 4.b3 c5 5.Bg2 Nc6 6.Bb2 Be7 7.O-O h5 8.h4 Rg8 9.e3 Ng4
10.cxd5 exd5 11.d4 g5 12.hxg5 Bxg5 13.Nxg5 Qxg5 14.Nd2 Be6 15.Nf3 Qg6 16.Qd2 Nf6
17.Nh4 Qg4 18.Qd1 Qg5 19.Qf3 Bg4 20.Qf4 Qxf4 21.exf4 cxd4 22.Rfe1+ Kf8 23.f3 Bd7
24.Kf2 Ne8 25.Red1 Rc8 26.Rac1 Nd6 27.Bf1 Ne7 28.Bd3 Rxc1 29.Rxc1 Ndf5 30.Bxf5 Nxf5
31.Nxf5 Bxf5 32.Bxd4  1/2-1/2

[Event "Open"]
[Site "Banska Stiavnica SVK"]
[Date "2007.07.10"]
[Round "4"]
[White "Rachela,M"]
[Black "Pcola,Pa"]
[Result "1/2-1/2"]
[WhiteElo "2287"]
[BlackElo "2383"]

1.Nf3 d5 2.c4 c6 3.b3 Bf5 4.g3 h6 5.Bg2 e6 6.O-O Be7 7.Bb2 Nf6 8.d3 O-O 9.Nbd2 Bh7
10.Qc2 a5 11.a3 Nbd7 12.Rac1 Qb6 13.Qb1 Qa6 14.Qa1 Rfd8 15.Rc2 Ne8 16.Rb1 Bf6
17.Ne5 Nxe5 18.Bxe5 Qb6 19.c5 Bxe5 20.Qxe5 Qc7 21.Qc3 Qe7 22.b4 axb4 23.axb4 Nc7
24.Ra1 Nb5 25.Qb2 e5 26.Rcc1 Bf5 27.Rxa8 Rxa8 28.Ra1 Rd8 29.h3 f6 30.Kh2 Qe8
31.Nb3 Qh5 32.Na5 Bc8 33.e3 g5 34.Qd2 Kg7 35.Qd1 Qg6 36.Qe2  1/2-1/2

[Event "XXX Open"]
[Site "Barbera del Valles ESP"]
[Date "2007.07.10"]
[Round "5"]
[White "Burgos Figueroa,C"]
[Black "Mohota,N"]
[Result "0-1"]
[WhiteElo "2237"]
[BlackElo "2332"]

1.Nf3 d5 2.c4 e6 3.b3 Nf6 4.Bb2 Be7 5.g3 c5 6.cxd5 exd5 7.Bg2 Nc6 8.d4 Ne4
9.O-O Bf6 10.e3 O-O 11.a3 Bg4 12.Qd3 Bf5 13.Qe2 Na5 14.Nbd2 Re8 15.b4 cxb4
16.axb4 Nc6 17.Qb5 Qd6 18.Nxe4 Bxe4 19.Qc5 Qe6 20.b5 Be7 21.Qc3 Nb4 22.Qc7 Bd6
23.Qc1 Rec8 24.Qd1 Bd3 25.Re1 Bxb5 26.Bf1 Bxf1 27.Rxf1 Qe4 28.Rb1 a5 29.Ba3 Na2
30.Nd2 Qg6 31.Bb2 b5 32.Qf3 Nb4 33.Ba3 Qd3 34.Nb3 a4 35.Bxb4 Bxb4 36.Na1 Qc4
37.h4 Bf8 38.Kg2 b4 39.h5 h6 40.Qf5 b3 41.g4 Rab8 42.Rh1 b2 43.g5 bxa1=Q
44.Rxa1 hxg5 45.Qxg5 Rb6 46.Rag1 a3 47.Kh3 a2 48.Qe5 Qc6 49.f4 Qe6+ 50.f5 Qxe5
51.dxe5 Rc3 52.e6 Rxe3+ 53.Kg4 Rb4+  0-1

[Event "Campeonato Continental Absolut"]
[Site "Cali COL"]
[Date "2007.07.10"]
[Round "1"]
[White "Beltran,C"]
[Black "Jukemura,L"]
[Result "1/2-1/2"]
[WhiteElo "2240"]
[BlackElo "2029"]

1.Nf3 d5 2.c4 c6 3.e3 Nf6 4.b3 Bg4 5.Bb2 Nbd7 6.Be2 Bxf3 7.Bxf3 e5 8.cxd5 cxd5
9.Nc3 e4 10.Be2 Bd6 11.Nb5 Be5 12.Ba3 Qb6 13.Rc1 a6 14.Nc3 Qa5 15.Nb1 b5
16.b4 Qb6 17.d4 Bd6 18.Nd2 O-O 19.Nb3 Qb8 20.Nc5 Nb6 21.Bb2 Nc4 22.Bc3 Rd8
23.g3 Nd7 24.Bxc4 bxc4 25.O-O Qc7 26.a4 Rdb8 27.Rb1 Nf6 28.Kg2 h6 29.Rb2 Nh7
30.h4 Nf6 31.b5 axb5 32.axb5 Bxc5 33.dxc5 Qxc5 34.Bxf6 gxf6 35.Qg4+ Kf8 36.Qd7 Kg7
37.Qg4+ Kf8 38.Qf5 Rxb5 39.Rxb5 Qxb5 40.Qxf6 Ra6 41.Qd8+ Kg7 42.Rd1 c3 43.Rxd5 Qe2
44.Rf5 c2 45.Qc7 Rf6 46.Qc3 Qa6 47.Rxf6 Qxf6 48.Qxc2  1/2-1/2

[Event "FSGM July"]
[Site "Budapest HUN"]
[Date "2007.07.12"]
[Round "6"]
[White "Fogarasi,T"]
[Black "Smerdon,D"]
[Result "1/2-1/2"]
[WhiteElo "2425"]
[BlackElo "2461"]

1.Nf3 d5 2.c4 e6 3.g3 Nf6 4.Bg2 dxc4 5.Qa4+ Nbd7 6.Qxc4 a6 7.Qc2 b5 8.a4 Bb7
9.O-O Be7 10.Nc3 b4 11.Nb1 Nc5 12.d3 Bd5 13.Nbd2 b3 14.Qd1 Rb8 15.e4 Ba8
16.e5 Nd5 17.d4 Nd3 18.Nxb3 N5b4 19.Be3 Bd5 20.Rb1 Qd7 21.Nc1 Nxc1 22.Rxc1 Na2
23.Rb1 Be4 24.Nd2 Bxb1 25.Qxb1 Nb4 26.Qe4 Qxa4 27.d5 Qc2 28.dxe6 fxe6 29.Qg4 Qg6
30.Qc4 O-O 31.Qxc7 Qf7 32.Bh3 Rbc8 33.Qd7 Rc6 34.Ne4 Rfc8 35.Nd6 R8c7 36.Qxc7 Rxc7
37.Nxf7 Kxf7 38.Bg2 Rc2 39.Bd4 Bc5 40.Bxc5 Rxc5 41.f4 Rc2 42.Rf2 Rxf2 43.Kxf2 Nd3+
44.Ke3 Nxb2 45.Kd4 a5 46.Kc5 h6 47.Kb5 g5 48.fxg5 hxg5 49.h4 a4 50.Kb4 Nd3+
51.Kxa4 g4 52.Kb3 Nxe5 53.Kc3 Kf6 54.Kd4 Ng6  1/2-1/2

[Event "Campeonato Continental Absolut"]
[Site "Cali COL"]
[Date "2007.07.12"]
[Round "3"]
[White "Saladen,R"]
[Black "Zuluaga,C"]
[Result "0-1"]
[WhiteElo "2208"]
[BlackElo "2344"]

1.Nf3 d5 2.c4 c6 3.d4 Nf6 4.Nc3 dxc4 5.a4 Bf5 6.Ne5 Nbd7 7.Nxc4 e6 8.e3 Nb6
9.Nxb6 axb6 10.Bd3 Bxd3 11.Qxd3 b5 12.Qb1 bxa4 13.Rxa4 Rxa4 14.Nxa4 Qa5+
15.Nc3 Bb4 16.O-O O-O 17.Ne4 Nxe4 18.Qxe4 Ra8 19.Rd1 Qh5 20.g4 Qb5 21.Qc2 h5
22.h3 hxg4 23.hxg4 Qg5 24.f3 Ra1 25.e4 Qh4 26.Bf4 Rxd1+ 27.Qxd1 Be1 28.Qe2 Bg3
29.Be3 Bc7 30.Qf2 Qe7 31.Qd2 Qd6 32.Kf1 Bb6 33.Qc3 Qh2 34.Qb3 Qh1+ 35.Kf2 Ba5
36.Qd3 Be1+ 37.Ke2 Bg3 38.Bf2 Bxf2 39.Kxf2 Qh2+ 40.Ke1 Qxb2 41.Qe3 g6 42.f4 Qg2
43.g5 Qc2 44.Kf1 b5 45.d5 cxd5 46.exd5 Qd1+  0-1

[Event "XXII Tadeusz Gniota Mem"]
[Site "Police POL"]
[Date "2007.07.12"]
[Round "2"]
[White "Krysztofiak,M"]
[Black "Kludacz,M"]
[Result "1-0"]
[WhiteElo "2414"]
[BlackElo "2244"]

1.Nf3 d5 2.c4 c6 3.e3 Nf6 4.Nc3 e6 5.b3 Nbd7 6.Bb2 Be7 7.Qc2 O-O 8.Be2 a6
9.d4 Re8 10.O-O Bd6 11.e4 dxe4 12.Nxe4 Nxe4 13.Qxe4 Qe7 14.Rad1 Nf6 15.Qh4 Bd7
16.Bd3 h6 17.Rfe1 a5 18.a4 Rab8 19.Ne5 Red8 20.Bc1 Ne8 21.Qg3 f6 22.Qg6 fxe5
23.dxe5 Bc5 24.Qh7+ Kf8 25.Re4 g5 26.Qh8+ Kf7 27.Qxh6  1-0

[Event "Inautomarket Open"]
[Site "Minsk BLR"]
[Date "2007.07.13"]
[Round "4"]
[White "Lushenkov,M"]
[Black "Kupreichik,V"]
[Result "1/2-1/2"]
[WhiteElo "2447"]
[BlackElo "2384"]

1.Nf3 d5 2.c4 d4 3.g3 Nc6 4.Bg2 e5 5.d3 Bb4+ 6.Bd2 a5 7.O-O Nf6 8.Na3 O-O
9.Nc2 Bxd2 10.Nxd2 Bf5  1/2-1/2

[Event "Open"]
[Site "Banska Stiavnica SVK"]
[Date "2007.07.14"]
[Round "8"]
[White "Rachela,M"]
[Black "Splosnov,S"]
[Result "1/2-1/2"]
[WhiteElo "2287"]
[BlackElo "2359"]

1.Nf3 d5 2.c4 e6 3.b3 Be7 4.g3 Bf6 5.d4 dxc4 6.bxc4 c5 7.e3 Nc6 8.Bb2 Nge7
9.g4 h6 10.Bg2 Ng6 11.Nbd2 cxd4 12.Ne4 e5 13.h3  1/2-1/2

[Event "Kaupthing Open"]
[Site "Differdange LUX"]
[Date "2007.07.14"]
[Round "9"]
[White "Schebler,G"]
[Black "Feller,S"]
[Result "0-1"]
[WhiteElo "2496"]
[BlackElo "2478"]

1.Nf3 d5 2.c4 dxc4 3.e3 Nf6 4.Bxc4 e6 5.d4 a6 6.O-O c5 7.dxc5 Bxc5 8.Qxd8+ Kxd8
9.a3 Ke7 10.Rd1 b5 11.Be2 Bb7 12.b4 Bd6 13.Bb2 Nbd7 14.Nbd2 Nb6 15.Bd4 Na4
16.Nb3 Bd5 17.Na5 Ne4 18.Rac1 Rhc8 19.Bd3 f6 20.Bxe4 Bxe4 21.Ne1 e5 22.Ba1 Ke6
23.f3 Bd5 24.e4 Bc4 25.Nxc4 bxc4 26.Nc2 c3 27.Kf1 g6 28.Ke2 a5 29.bxa5 Rxa5
30.Rb1 f5 31.Rb7 fxe4 32.fxe4 Nc5 33.Rb4 Nd7 34.Rb3 Ra4 35.Rxc3 Rxe4+ 36.Ne3 Rxc3
37.Bxc3 Bxa3 38.Kf3 Rf4+ 39.Ke2 Bc5 40.Bd2 Nf6 41.Rc1 Bxe3 42.Bxe3 Rb4 43.Rc2 Kf5
44.Ra2 Nd5 45.Bd2 Re4+ 46.Kf2 Rc4 47.Ke2 h5 48.Ra5 Nf6 49.h3 h4 50.Kf3 Rd4
51.Ke2 Nh5 52.Be3 Rb4 53.Ra2 Ng3+ 54.Kd2 Nf1+ 55.Ke2 Ng3+ 56.Kd2 Ne4+ 57.Kc2 Nf6
58.Kd1 Nd5 59.Bd2 Re4 60.Ra8 Ne3+ 61.Bxe3 Rxe3 62.Ra4 g5 63.Rb4 e4 64.Rb5+ Kf4
65.Ra5 Rg3 66.Ra2 Rb3  0-1

[Event "ChIP"]
[Site "Paris FRA"]
[Date "2007.07.14"]
[Round "8"]
[White "Spielmann,Al"]
[Black "Brochet,P"]
[Result "0-1"]
[WhiteElo "2239"]
[BlackElo "2396"]

1.Nf3 d5 2.c4 dxc4 3.e3 Be6 4.Na3 Nf6 5.Nxc4 c5 6.b3 g6 7.Bb2 Bg7 8.d3 Nc6
9.a3 O-O 10.Be2 Qd7 11.Qc2 Rac8 12.O-O Rfd8 13.Rfd1 h6 14.Rac1 g5 15.Qb1 b5
16.Ncd2 g4 17.Ne5 Nxe5 18.Bxe5 Qd5 19.Qb2 h5 20.b4 cxb4 21.axb4 h4 22.e4 Qa2
23.Qxa2 Bxa2 24.d4 Bh6 25.Rxc8 Rxc8 26.Bxf6 exf6 27.Bxg4 Rc2 28.Nf3 Bf8 29.d5 Bxb4
30.Nd4 Rc4 31.h3 a6 32.Nf5 Rxe4 33.d6 Ba5 34.Ne7+ Kg7 35.Ra1 Ra4 36.Nc6 Bb6
37.Be2 Be6 38.Rxa4 bxa4 39.Bxa6 a3 40.Nb4 Bc5 41.Nc2 a2 42.d7 Bxd7 43.Bc4 Be6
44.Bxa2 Bxa2 45.Ne1 Bd5 46.Nd3 Bd4  0-1

[Event "Open"]
[Site "Ghent BEL"]
[Date "2007.07.16"]
[Round "6"]
[White "Vanderwaeren,S"]
[Black "Vajda,S"]
[Result "0-1"]
[WhiteElo "2225"]
[BlackElo "2410"]

1.Nf3 d5 2.c4 e6 3.d4 c5 4.cxd5 exd5 5.g3 Nc6 6.Bg2 Nf6 7.O-O Be7 8.Nc3 O-O
9.b3 Ne4 10.Bb2 Bf6 11.Na4 b6 12.Rc1 Re8 13.Re1 Ba6 14.dxc5 Bxb2 15.Nxb2 bxc5
16.Nd3 c4 17.Nf4 Nb4 18.Ra1 Qb6 19.e3 Rad8 20.a3 Nd3 21.Nxd3 cxd3 22.Nd4 d2
23.Rf1 Bxf1 24.Bxf1 Rc8 25.Kg2 Rc3 26.Ra2 Rc1  0-1

[Event "XII Open"]
[Site "Balaguer ESP"]
[Date "2007.07.18"]
[Round "3"]
[White "Roeder,M"]
[Black "Abhishek,D"]
[Result "1/2-1/2"]
[WhiteElo "2444"]
[BlackElo "2321"]

1.Nf3 d5 2.c4 e6 3.b3 Nf6 4.Bb2 c5 5.e3 b6 6.g3 Bb7 7.Bg2 Be7 8.O-O O-O 9.Qe2 Nbd7
10.Nc3 Rc8 11.Rac1 Qc7 12.d3 Rfe8 13.h3 Bf8 14.e4 d4 15.Nb5 Qb8 16.Nh2 a6
17.Na3 g6 18.Rce1 Nh5 19.e5 Bg7 20.Bxb7 Qxb7 21.Ng4 f5 22.exf6 Nhxf6 23.Nxf6+ Nxf6
24.Bc1 e5 25.Bg5 Nd7 26.Nb1 Re6 27.Bc1 Rce8 28.Nd2 Bh6 29.Ne4 Bxc1 30.Rxc1 Nf6
31.Rfe1 Nxe4 32.Qxe4 Qxe4 33.Rxe4 Kf7 34.a3 Ke7 35.b4 Kd6 36.bxc5+ bxc5 37.Rb1 Kc7
38.Kg2 Rf6 39.f4 Rfe6 40.Rbe1  1/2-1/2

[Event "Campeonato Continental Absolut"]
[Site "Cali COL"]
[Date "2007.07.18"]
[Round "9"]
[White "Santiago Lastra,N"]
[Black "Avalos Parra,J"]
[Result "0-1"]
[WhiteElo "2106"]
[BlackElo "2267"]

1.Nf3 d5 2.c4 c6 3.b3 Nf6 4.Bb2 Bg4 5.e3 Nbd7 6.cxd5 cxd5 7.h3 Bf5 8.Nh4 Bg6
9.Nxg6 hxg6 10.Bb5 a6 11.Be2 e5 12.O-O Bd6 13.Ba3 Bb8 14.Qc2 Ba7 15.Rc1 Bb6
16.Bd3 e4 17.Bf1 Ne5 18.Qb2 Nfd7 19.d4 exd3 20.g3 Qf6 21.Nd2 g5 22.Bg2 g4
23.hxg4 Qh6 24.Nf1 Qe6 25.g5 f6 26.g6 Qg4 27.f4 Nxg6 28.Qf2 Qf5 29.Qf3 Ne7
30.Rd1 Rd8 31.Rac1 d4 32.e4 Qa5 33.Bxe7 Kxe7 34.Rxd3 Nc5 35.e5 Nxd3 36.exf6+ Kxf6
37.Qxd3 Rd7 38.g4 Re8 39.g5+ Kf7 40.Qc4+ Kf8 41.b4 Qf5 42.Ng3 Qg4 43.Kh2 Rc7
44.Qd5 Rxc1 45.Qd6+ Re7 46.Be4 Rc3 47.Qb8+ Re8 48.Qd6+ Kg8 49.Bd5+ Kh8 50.f5 Qxg3+
51.Qxg3 Rxg3 52.Kxg3 d3 53.f6 gxf6 54.gxf6 d2 55.Bb3 Re3+ 56.Kf4 Rxb3 57.f7 Kg7  0-1

[Event "ch-Montenegro"]
[Site "Cetinje MNE"]
[Date "2007.07.18"]
[Round "7"]
[White "Pajkovic,V"]
[Black "Mijovic,S"]
[Result "1-0"]
[WhiteElo "2421"]
[BlackElo "2234"]

1.c4 d5 2.Nf3 e6 3.e3 Nf6 4.Nc3 Be7 5.d4 O-O 6.Qc2 c5 7.cxd5 cxd4 8.Nxd4 Nxd5
9.Nxd5 Qxd5 10.Bd2 a6 11.Bd3 h6 12.O-O Nd7 13.Rfd1 Nf6 14.Bc3 Bd7 15.Be2 Qc5
16.Bf3 Qc7 17.Rac1 Rac8 18.Qb3 b5 19.Ne2 Qa7 20.Bd4 Bc5 21.Rxc5 Rxc5 22.Qa3 b4
23.Qxb4 Rfc8 24.Nc3 e5 25.Bxc5 Qxc5 26.Qb7 Bb5 27.a4 Bc4 28.b4 Qf8 29.b5 axb5
30.axb5 Rb8 31.Qc7 e4 32.Qxc4 exf3 33.gxf3 Rc8 34.Qd4 Qa3 35.b6 Rb8 36.Rb1 Qa6
37.Kg2 Rb7 38.Nd5 Nxd5 39.Qxd5 Kh7 40.Qb5 Qa8 41.Rc1 Qb8 42.Rc6 Qd8 43.Qc5 Rd7
44.Qf5+ g6 45.Qf6 Qb8 46.e4 Qb7 47.Rd6 Re7 48.Rd8  1-0

[Event "Quebec Open"]
[Site "Montreal CAN"]
[Date "2007.07.20"]
[Round "1"]
[White "Sambuev,B"]
[Black "Cheng,Bi"]
[Result "1-0"]
[WhiteElo "2482"]
[BlackElo "2238"]

1.Nf3 d5 2.c4 c6 3.e3 Nf6 4.Nc3 a6 5.b3 Bg4 6.Be2 Nbd7 7.h3 Bh5 8.cxd5 Nxd5
9.Bb2 e6 10.O-O N7f6 11.Ne5 Bxe2 12.Nxe2 Bd6 13.f4 Qb8 14.Ng3 h5 15.Qf3 Ne7
16.Nc4 Nf5 17.Nxf5 exf5 18.Be5 Bc7 19.Qg3 Kf8 20.Qg5 Rh6 21.Qxf5 Qc8 22.Qc2 Kg8
23.Nd6 Bxd6 24.Bxd6 Qd7 25.Be5 Rd8 26.f5  1-0

[Event "Czech Open GMA"]
[Site "Pardubice CZE"]
[Date "2007.07.20"]
[Round "1"]
[White "Cvek,R"]
[Black "Holmsgaard,H"]
[Result "1-0"]
[WhiteElo "2548"]
[BlackElo "2294"]

1.Nf3 d5 2.c4 c6 3.e3 Nf6 4.Nc3 e6 5.b3 Bd6 6.Bb2 O-O 7.Be2 Nbd7 8.Qc2 Qe7
9.d4 b6 10.O-O Bb7 11.Rad1 Rac8 12.Qb1 Rfe8 13.a3 c5 14.cxd5 exd5 15.dxc5 bxc5
16.Rfe1 Bb8 17.Bf1 Qd6 18.Nb5 Qb6 19.b4 cxb4 20.Rd4 Re4 21.Nd2 Rxd4 22.Bxd4 Qa5
23.Nb3 Qd8 24.Nxa7 Rc4 25.Nb5 Ne4 26.f3 Ng3 27.Nd2 Nxf1 28.Rxf1 Qa5 29.Nxc4 dxc4
30.Qf5 Ne5 31.Bxe5 Qxb5 32.Rd1  1-0

[Event "29th Politiken Cup"]
[Site "Copenhagen DEN"]
[Date "2007.07.22"]
[Round "3"]
[White "Rasmussen,He2"]
[Black "Carnstam,T"]
[Result "1/2-1/2"]
[WhiteElo "1902"]
[BlackElo "2091"]

1.Nf3 d5 2.c4 c6 3.e3 Nf6 4.d4 Bf5 5.Nc3 e6 6.Bd2 Ne4 7.Rc1 Bd6 8.Qb3 Qb6
9.Qxb6 axb6 10.a3 Be7 11.Be2 Nxd2 12.Nxd2 Nd7 13.cxd5 exd5 14.O-O O-O 15.h3 Bg6
16.Bd1 f5 17.f4 Rae8 18.Nf3 Bh5 19.Ne5 Nxe5 20.Bxh5 Nf7 21.Bxf7+ Rxf7 22.Kf2 Bd6
23.Rfe1 Rfe7 24.g3 b5 25.Rcd1 b4 26.axb4 Bxb4 27.Kf3 Ra8 28.Ra1 Rae8 29.Red1 Bxc3
30.bxc3 b5 31.Ke2 Kf7 32.Rd3 Kf6  1/2-1/2

[Event "Siberia B"]
[Site "Novosibirsk RUS"]
[Date "2007.07.22"]
[Round "3"]
[White "Dolgusheva,I"]
[Black "Zaichenko,D"]
[Result "0-1"]
[WhiteElo "2050"]
[BlackElo "2030"]

1.Nf3 d5 2.c4 e6 3.g3 Nf6 4.Bg2 dxc4 5.Qc2 Bd6 6.Qxc4 O-O 7.d4 c6 8.Qc2 b5
9.O-O Bb7 10.e4 Be7 11.Rd1 Nbd7 12.Nc3 b4 13.Na4 Qa5 14.Nd2 c5 15.Nxc5 Nxc5
16.dxc5 Qxc5 17.Qxc5 Bxc5 18.h3 Rad8 19.Re1 Rd3 20.Nb3 Bb6 21.Bg5 Nxe4 22.Bxe4 Bxe4
23.Bf4 Bd5 24.Nc1 Rf3 25.Re2 Rc8 26.Rd2 g5 27.Be5 f6 28.Bd4 Bxd4 29.Rxd4 Rc2
30.Rxb4 Rfxf2 31.Nd3 Rg2+ 32.Kf1 Rh2  0-1

[Event "Sun Pawn Open"]
[Site "Ilichevsk UKR"]
[Date "2007.07.23"]
[Round "4"]
[White "Kornienko,S"]
[Black "Calin,A"]
[Result "1-0"]
[WhiteElo "2237"]
[BlackElo "1896"]

1.Nf3 d5 2.c4 e6 3.g3 c6 4.b3 Nf6 5.d4 Ne4 6.Bd2 Nxd2 7.Qxd2 Nd7 8.Bg2 Nf6
9.O-O Bd6 10.Nc3 Bb4 11.Qc2 O-O 12.Rfd1 Qa5 13.Na4 b5 14.a3 Be7 15.cxb5 cxb5
16.Nc5 Bxc5 17.Qxc5 Nd7 18.Qc6 Qa6 19.Rdc1 Rd8 20.Qxa8  1-0